| 000 | 00567nam a2200181 i 4500 | ||
|---|---|---|---|
| 001 | 82285 | ||
| 003 | ES-MaACL | ||
| 005 | 20250701021846.0 | ||
| 007 | t| | ||
| 008 | 041108s1969 sp ||||1| spa d | ||
| 245 | 0 | 3 |
_aLa industria de la cultura / _cMac Donald ...[et al.] ; [traducción, María Ester Benítez]. |
| 260 |
_a[Madrid : _bAlberto Corazón, _c1969] |
||
| 300 |
_a283 p. ; _c21 cm. |
||
| 700 | 1 |
_aMacDonald, Dwight. _975107 |
|
| 700 | 1 |
_aBenítez, Esther, _d1937-2001 _927600 |
|
| 852 |
_aES-MaACL _jC-38943 _bR.72456 |
||
| 999 |
_c82285 _d82285 |
||